[Event "KP MKSS 23/24, Orlova-Poruba D"]
[Site ""]
[Date "2023.11.12"]
[Round "2.8"]
[White "Gajda, Rostislav"]
[Black "Kopta, Jiri"]
[Result "1-0"]
[WhiteFideId "394793"]
[BlackFideId "328910"]
[WhiteElo "1607"]
[BlackElo "1904"]
[PlyCount "0"]
[WhiteTeam "SK Slavoj Poruba D"]
[BlackTeam "SK Slavia Orlova C"]
[EventDate "2023.10.22"]

1. e4 c5 2. a3 g6 3. b4 Bg7 4. Nc3 cxb4 5. axb4 Nc6 6. Rb1 d6 7. g3 Nd4 8. Bg2
Nh6 9. Nce2 Qb6 10. c3 Nb5 11. Nf3 Be6 12. O-O Rc8 13. Nf4 Bc4 14. Nd5 Qa6 15.
Re1 Bd3 16. Rb2 Ng4 17. Bh3 h5 18. Ng5 f6 19. Ne6 Bh6 20. Bxg4 hxg4 21. Qxg4
Kf7 22. Nef4 Bxf4 23. Nxf4 Nc7 24. Qxg6+ Kf8 25. b5 Bxb5 26. d4 Rg8 27. Qh6+
Ke8 28. e5 dxe5 29. dxe5 fxe5 30. Qh5+ Kd8 31. Qxe5 Qf6 32. Rd2+ Bd7 33. Qe2
Ke8 34. Rd4 Bg4 35. Qc4 Rh8 36. Ba3 e6 37. Nd5 Nxd5 38. Qxc8+ Kf7 39. Qxb7+ 1-0

[Event "KP MKSS 23/24, Senov-Havirov"]
[Site ""]
[Date "2023.11.12"]
[Round "2.1"]
[White "Mrva, Marek"]
[Black "Sobek, Jaroslav"]
[Result "0-1"]
[WhiteFideId "316288"]
[BlackFideId "301388"]
[WhiteElo "2075"]
[BlackElo "2183"]
[PlyCount "0"]
[WhiteTeam "SK Senov"]
[BlackTeam "TJ Banik Havirov"]
[EventDate "2023.10.22"]

1. e4 c5 2. Nc3 d6 3. f4 Nc6 4. Nf3 g6 5. Bc4 Bg7 6.
d3 e6 7. f5 exf5 8. O-O h6 9. Qe1 Nge7 10. Bf4 Nd4 11. Nxd4 Bxd4+ 12. Kh1 g5
13. Be3 Bxe3 14. Qxe3 f4 15. Qf2 Be6 16. Bb5+ Kf8 17. d4 Qb6 18. Rad1 cxd4 19.
Rxd4 a6 20. Ba4 Qxb2 21. Rd3 Qa3 22. Qd4 Rg8 23. e5 Nf5 24. Qe4 Qc5 25. exd6
Kg7 26. d7 Ne3 27. Rg1 Bf5 28. Qd4+ Qxd4 29. Rxd4 Rgd8 30. Nd5 Nxd5 31. Rxd5
Be6 32. Rd6 b5 33. Bb3 Rxd7 34. Rgd1 Rad8 35. Rxd7 Rxd7 36. Rxd7 Bxd7 37. Bd5
Be6 38. Bb7 a5 39. a3 b4 40. axb4 axb4 41. Bc6 Kf6 42. Kg1 Ke5 43. Kf2 Kd4 44.
Ke2 Bd5 0-1

[Event "KP MKSS 23/24, Senov-Havirov"]
[Site ""]
[Date "2023.11.12"]
[Round "2.2"]
[White "Lys, Josef"]
[Black "Pacl, Vaclav"]
[Result "1-0"]
[WhiteFideId "302244"]
[BlackFideId "302031"]
[WhiteElo "2133"]
[BlackElo "1941"]
[PlyCount "0"]
[WhiteTeam "TJ Banik Havirov"]
[BlackTeam "SK Senov"]
[EventDate "2023.10.22"]

1. d4 g6 2. c4 Bg7 3. Nc3 d6 4. e4 e5 5. Be3 exd4 6. Bxd4 Nf6 7. f3 O-O
8. Bd3 Nc6 9. Be3 Ne5 10. Nge2 c6 11. O-O d5 12. exd5 cxd5 13. c5 Qe7 14. Bf2
b6 15. cxb6 axb6 16. Bb5 Ra5 17. a4 Qb7 18. Qd4 Ned7 19. Rad1 Re8 20. Qd2 Rd8
21. Nxd5 Rxb5 22. axb5 Re8 23. Nec3 Ne5 24. Rfe1 Bf5 25. f4 Nd3 26. Nxf6+ 1-0

[Event "KP MKSS 23/24, Senov-Havirov"]
[Site ""]
[Date "2023.11.12"]
[Round "2.3"]
[White "Kolar, Stanislav"]
[Black "Bulava, Petr"]
[Result "0-1"]
[WhiteFideId "310964"]
[BlackFideId "316644"]
[WhiteElo "1916"]
[BlackElo "2044"]
[PlyCount "0"]
[WhiteTeam "SK Senov"]
[BlackTeam "TJ Banik Havirov"]
[EventDate "2023.10.22"]

1. Nf3 Nf6 2. g3 g6 3. Bg2 Bg7 4. O-O O-O 5. d4 d6 6. c4 Nc6 7. Nc3 e5
8. dxe5 dxe5 9. Bg5 Qxd1 10. Raxd1 Be6 11. Nd5 Ne8 12. Ne7+ Nxe7 13. Bxe7 Bxc4
14. Rd2 f6 15. Bxf8 Bxf8 16. b3 Be6 17. Rfd1 Nd6 18. e3 a5 19. Rc2 c6 20. Nd2
a4 21. Bf1 Bf5 22. Rcc1 axb3 23. axb3 Ra2 24. Nc4 Ne4 25. Bd3 Nxf2 26. Bxf5
gxf5 27. Rd2 Rxd2 28. Nxd2 Nd3 29. Rc3 e4 30. Kf1 Kf7 31. Ke2 Ke6 32. g4 fxg4
33. Nxe4 Ne5 34. Nc5+ Bxc5 35. Rxc5 h5 36. Rc1 h4 37. h3 g3 38. Ra1 Kf5 39. Ra8
b5 40. Rh8 Kg5 41. Rg8+ Kf5 42. Rh8 c5 43. Rxh4 g2 44. Rf4+ Kg5 45. h4+ Kh5 0-1

[Event "KP MKSS 23/24, Senov-Havirov"]
[Site ""]
[Date "2023.11.12"]
[Round "2.4"]
[White "Tomecek, Jan"]
[Black "Kozelsky, Marek"]
[Result "0-1"]
[WhiteFideId "309885"]
[BlackFideId "382833"]
[WhiteElo "2072"]
[BlackElo "1889"]
[PlyCount "0"]
[WhiteTeam "TJ Banik Havirov"]
[BlackTeam "SK Senov"]
[EventDate "2023.10.22"]

1. d4 d5 2. Nf3 Nf6 3. g3 c5 4. Bg2 Nc6 5. O-O e6 6. c4 dxc4 7. Qa4 Qa5
8. Qxc4 cxd4 9. Nxd4 Nxd4 10. Qxd4 Bc5 11. Qc4 O-O 12. Nc3 Rd8 13. a3 Qc7 14.
Be3 Bb6 15. Qxc7 Bxc7 16. Rfd1 a6 17. Rxd8+ Bxd8 18. Rd1 Be7 19. Na4 Nd7 20.
Nb6 Nxb6 21. Bxb6 Kf8 22. a4 a5 23. Rc1 Bb4 24. Rc7 Rb8 25. Ba7 Ra8 26. Bxb7
Rxa7 27. Rxc8+ Ke7 28. Be4 h6 29. h4 Rd7 30. Bd3 Rb7 31. Bb5 Bd6 32. Ra8 Bb4
33. Kg2 Rc7 34. g4 e5 35. Kf3 g5 36. h5 Kf6 37. Ke4 Re7 38. Bc4 Be1 39. Kd5 Bb4
40. Kc6 e4 41. Kb6 Re5 42. b3 Be1 43. Bb5 Re6+ 44. Kc7 Bxf2 45. Bd7 Bg3+ 46.
Kb7 Rd6 47. Bc6 Be1 48. Bxe4 Re6 49. Bd3 Bb4 50. Bf5 Rd6 51. Kc7 Ke5 52. Re8+
Kf6 53. Rb8 Ke5 54. Rxb4 axb4 55. a5 Ra6 56. Bd3 Rxa5 57. Kb6 Rd5 58. Bc4 Rd4
0-1

[Event "KP MKSS 23/24, Senov-Havirov"]
[Site ""]
[Date "2023.11.12"]
[Round "2.5"]
[White "Pohludka, Ondrej"]
[Black "Zimniok, Lubomir"]
[Result "0-1"]
[WhiteFideId "337927"]
[BlackFideId "307343"]
[WhiteElo "1875"]
[BlackElo "2061"]
[PlyCount "0"]
[WhiteTeam "SK Senov"]
[BlackTeam "TJ Banik Havirov"]
[EventDate "2023.10.22"]

1. e4 d5 2. e5 c5 3. Bb5+ Bd7 4. Bxd7+ Qxd7 5. f4 Nc6 6. Nf3 e6 7. c3
d4 8. c4 h5 9. d3 Nh6 10. Nbd2 Be7 11. Ne4 O-O-O 12. Qe2 f5 13. Neg5 Bxg5 14.
Nxg5 Nf7 15. h4 Nxg5 16. hxg5 g6 17. Bd2 Kb8 18. Kf2 Rh7 19. a3 b5 20. b3 Qc8
21. Kg3 Rb7 22. Rhb1 bxc4 23. bxc4 Rdd7 24. Qd1 Rxb1 25. Rxb1+ Rb7 26. Rb3 Rb6
27. Rxb6+ axb6 28. Qa4 Kb7 29. Qb5 Na7 30. Qb3 Nc6 31. Qb5 Qa8 32. a4 h4+ 33.
Kh3 Qa6 34. Kxh4 Qxb5 35. cxb5 Nb4 36. Kg3 Nxd3 37. a5 bxa5 38. Bxa5 c4 39. Kf3
c3 40. g4 fxg4+ 41. Kxg4 c2 42. Bd2 Kb6 43. f5 exf5+ 44. Kf3 Nxe5+ 0-1

[Event "KP MKSS 23/24, Senov-Havirov"]
[Site ""]
[Date "2023.11.12"]
[Round "2.6"]
[White "Funiok, Marcel"]
[Black "Siwek, Antonin"]
[Result "1-0"]
[WhiteFideId "316946"]
[BlackFideId "345725"]
[WhiteElo "2102"]
[BlackElo "1806"]
[PlyCount "0"]
[WhiteTeam "TJ Banik Havirov"]
[BlackTeam "SK Senov"]
[EventDate "2023.10.22"]

1. d4 Nf6 2. Nf3 e6 3. g3 b6 4. Bg2 Bb7 5. O-O Be7 6. b3 O-O 7. Bb2 d5
8. Nbd2 Nbd7 9. Rc1 Rc8 10. c4 c5 11. Re1 cxd4 12. Nxd4 Nc5 13. b4 Nce4 14. a3
Nxd2 15. Qxd2 Qd7 16. cxd5 Bxd5 17. Nf3 Rxc1 18. Rxc1 Rc8 19. Ne5 Rxc1+ 20.
Qxc1 Qe8 21. Bxd5 Nxd5 22. Qc6 Qd8 23. Qb7 f6 24. Nc6 Qd6 25. Nxa7 Bd8 26. Nc8
Qc7 27. Qxc7 Nxc7 28. Nxb6 Kf7 29. Nc4 Ke7 30. e4 e5 31. Kf1 Kd7 32. Ke2 Kc6
33. Kd3 Be7 34. Bc3 Na6 35. Kc2 Nc7 36. Bd2 Kb5 37. Kb3 Ne6 38. Be3 h5 39. a4+
Ka6 40. b5+ Kb7 41. Na5+ Kc7 1-0

[Event "KP MKSS 23/24, Senov-Havirov"]
[Site ""]
[Date "2023.11.12"]
[Round "2.7"]
[White "Vasek, Vladimir"]
[Black "Podlesny, Pavel"]
[Result "0-1"]
[WhiteFideId "317683"]
[BlackFideId "308676"]
[WhiteElo "1875"]
[BlackElo "2047"]
[PlyCount "0"]
[WhiteTeam "SK Senov"]
[BlackTeam "TJ Banik Havirov"]
[EventDate "2023.10.22"]

1. e4 e5 2. Nf3 Nc6 3. Bb5 Bc5 4. c3 Qe7 5. O-O a6 6. Ba4 b5 7. Bc2 d6
8. h3 f6 9. b4 Bb6 10. a4 bxa4 11. Rxa4 Bd7 12. Bd3 Nb8 13. b5 Nh6 14. c4 g5
15. Nc3 g4 16. Nd5 Qg7 17. Nh4 Qg5 18. g3 Rg8 19. Be2 gxh3 20. Bh5+ Kd8 21. Nf5
Bxf2+ 22. Rxf2 Bxf5 23. Ra3 Bg4 24. Bxg4 Nxg4 25. Rf5 Qg6 26. d4 Nd7 27. Qf3 h5
28. Rxa6 Rb8 29. Rc6 Rb7 30. Qa3 Nb8 31. Qa8 h2+ 32. Kg2 Ne3+ 33. Bxe3 Qxg3+
34. Kf1 h1=Q+ 35. Ke2 Qge1+ 36. Kd3 Qb1+ 37. Ke2 Qbd1+ 0-1

[Event "KP MKSS 23/24, Senov-Havirov"]
[Site ""]
[Date "2023.11.12"]
[Round "2.8"]
[White "Ramik, Jan"]
[Black "Kotlar, Jarmil"]
[Result "0-1"]
[WhiteFideId "314129"]
[BlackFideId "331899"]
[WhiteElo "1959"]
[BlackElo "1891"]
[PlyCount "0"]
[WhiteTeam "TJ Banik Havirov"]
[BlackTeam "SK Senov"]
[EventDate "2023.10.22"]

1. Nf3 d5 2. b3 Nf6 3. Bb2 e6 4. e3 c5 5. Bb5+ Bd7 6. Qe2 a6 7. Bxd7+
Nbxd7 8. d3 Be7 9. Nbd2 Qc7 10. e4 dxe4 11. dxe4 O-O 12. O-O Rfd8 13. Rfe1 b5
14. a4 Qb7 15. h3 Ne8 16. Ra2 Nc7 17. Ne5 f6 18. Nxd7 Rxd7 19. axb5 axb5 20.
Rxa8+ Qxa8 21. Ra1 Qb7 22. f4 Rd8 23. Bc3 b4 24. Bb2 Ra8 25. Qe1 Nb5 26. Rxa8+
Qxa8 27. Nc4 Nd6 28. Nxd6 Bxd6 29. e5 fxe5 30. fxe5 Bc7 31. Qe2 Qd5 32. Qh5 g6
33. Qf3 c4 34. bxc4 Qxc4 35. Qb3 Bb6+ 36. Kh2 Qf4+ 37. Kh1 Qf1+ 38. Kh2 Bg1+
39. Kg3 Qf2+ 40. Kg4 Qxg2+ 41. Qg3 h5+ 0-1

[Event "KP MKSS 23/24, Poruba E-Stonava"]
[Site ""]
[Date "2023.11.12"]
[Round "2.1"]
[White "Trapl, Dalibor"]
[Black "Kubica, Kamil"]
[Result "1/2-1/2"]
[WhiteFideId "330744"]
[BlackFideId "1146360"]
[WhiteElo "2128"]
[BlackElo "2083"]
[PlyCount "0"]
[WhiteTeam "SK Slavoj Poruba E"]
[BlackTeam "SK Stonava"]
[EventDate "2023.10.22"]

1. e4 e5 2. Nf3 Nc6 3. Bb5 a6 4. Ba4 Nf6 5. O-O Nxe4 6. Re1 Nc5 7. Nc3 Be7 8.
Nd5 O-O 9. Bxc6 dxc6 10. Nxe7+ Qxe7 11. d4 Nd7 12. dxe5 h6 13. b3 Rd8 14. Qe2
Nf8 15. h3 Bf5 16. Bb2 Ne6 17. Rad1 Qc5 18. Rxd8+ Rxd8 19. c4 Rd3 20. Bc1 Qa5
21. Be3 Rd8 22. Qb2 c5 23. Rc1 Qb6 24. Kh2 Qc6 25. Nh4 Be4 26. Qe2 g5 27. Qg4
Ng7 28. Bxg5 hxg5 29. Qxg5 Rd4 30. Rc3 Kh7 31. Nf3 Bxf3 32. Rxf3 Qg6 33. Qe7
Nf5 34. Qxc7 b6 35. Qc8 Ne7 36. Qf8 Nf5 37. g4 Nh6 38. Rf6 Qg5 39. Rxh6+ Qxh6
40. Qxf7+ Kh8 41. Qe8+ Kg7 42. Qe7+ Kg8 43. Qe8+ Kg7 44. Qe7+ Kg8 45. Qe8+
1/2-1/2

[Event "KP MKSS 23/24, Poruba E-Stonava"]
[Site ""]
[Date "2023.11.12"]
[Round "2.2"]
[White "Radecki, Petr"]
[Black "Zinglar, David"]
[Result "1-0"]
[WhiteFideId "344346"]
[BlackFideId "315915"]
[WhiteElo "2031"]
[BlackElo "1945"]
[PlyCount "0"]
[WhiteTeam "SK Stonava"]
[BlackTeam "SK Slavoj Poruba E"]
[EventDate "2023.10.22"]

1. d4 c5 2. Nf3 cxd4 3. Nxd4 d6 4. e4 Nf6 5. Nc3 a6 6. Be2 b5 7. a3 Bb7 8. Qd3
Nbd7 9. f3 e6 10. Be3 Be7 11. O-O O-O 12. Rad1 Rc8 13. Qd2 d5 14. exd5 Nxd5 15.
Nxd5 Bxd5 16. a4 bxa4 17. Bxa6 Ra8 18. Bb5 Ne5 19. Qc1 Qc8 20. Rfe1 Bc4 21. Bf2
Bxb5 22. Nxb5 Nc4 23. b3 Na5 24. bxa4 Nc4 25. Qa1 Bc5 26. Bxc5 Qxc5+ 27. Qd4
Qc6 28. Ra1 Rfd8 29. Qe4 Qc5+ 30. Kh1 Nd2 31. Qe2 Qxc2 32. Red1 Rxa4 33. Rxa4
Qxa4 34. Nc3 Qd4 35. Ne4 Nxf3 36. Rxd4 Nxd4 37. Qf1 Nf5 38. h3 h6 39. Kh2 Rd4
40. Nf2 Rd5 41. Qe1 Kh7 42. Ng4 Nd6 43. Qb1+ Nf5 44. Ne3 Re5 45. Nc4 Rc5 46.
Nd6 Kg8 47. Qb8+ 1-0

[Event "KP MKSS 23/24, Poruba E-Stonava"]
[Site ""]
[Date "2023.11.12"]
[Round "2.3"]
[White "Dostal, Radim"]
[Black "Gajdusek, Josef"]
[Result "0-1"]
[WhiteFideId "312240"]
[BlackFideId "374946"]
[WhiteElo "1933"]
[BlackElo "1951"]
[PlyCount "0"]
[WhiteTeam "SK Slavoj Poruba E"]
[BlackTeam "SK Stonava"]
[EventDate "2023.10.22"]

1. e4 c5 2. Nf3 d6 3. d4 cxd4 4. Nxd4 Nf6 5. Nc3 a6 6. Bg5 e6 7. f4 Be7 8. Qf3
Qc7 9. O-O-O O-O 10. Bd3 Nc6 11. Nxc6 bxc6 12. Qg3 e5 13. f5 Rd8 14. h4 Kh8 15.
Qf3 Bb7 16. g4 d5 17. Bxf6 gxf6 18. g5 d4 19. Ne2 Rg8 20. Bc4 Rg7 21. Rdg1 Qd6
22. Qh5 c5 23. Bxf7 Bxe4 24. gxf6 Qxf6 25. Rxg7 Qxg7 26. Rg1 Qf6 27. Qg4 Qxf7
28. Qxe4 Re8 29. Qxe5+ Bf6 30. Qh2 Qxa2 31. Qd6 Qf7 32. Qxa6 Bxh4 33. Qd3 Bf2
34. Rg2 Be3+ 35. Kb1 Ra8 36. c3 Qa2+ 37. Kc2 Rb8 0-1

[Event "KP MKSS 23/24, Poruba E-Stonava"]
[Site ""]
[Date "2023.11.12"]
[Round "2.4"]
[White "Firla, Stanislav"]
[Black "Dobes, Ludek"]
[Result "0-1"]
[WhiteFideId "341371"]
[BlackFideId "305090"]
[WhiteElo "1832"]
[BlackElo "1954"]
[PlyCount "0"]
[WhiteTeam "SK Stonava"]
[BlackTeam "SK Slavoj Poruba E"]
[EventDate "2023.10.22"]

1. e4 c5 2. f4 d5 3. exd5 Nf6 4. Nf3 Nxd5 5. d4 e6 6. Bb5+ Bd7 7. Bxd7+ Nxd7 8.
c4 N5f6 9. O-O cxd4 10. Nxd4 Bc5 11. Kh1 Qb6 12. Nb3 Be7 13. Nc3 Rc8 14. Qe2
Qc7 15. Nb5 Qxc4 16. Qxc4 Rxc4 17. Nxa7 Nd5 18. Nb5 O-O 19. Bd2 Rc2 20. N5d4
Rc4 21. Rac1 Rfc8 22. Rxc4 Rxc4 23. Rc1 Rxc1+ 24. Bxc1 Nb4 25. Bd2 Nxa2 26. Nc2
Bf6 27. Nbd4 Nb6 28. b4 Nc4 29. Be1 Nc1 30. b5 Nd3 31. Bg3 Kf8 32. Kg1 Nd2 33.
Ne2 Ke7 34. Bf2 Nxf2 35. Kxf2 Kd6 36. Ned4 Kc5 37. Ke3 Nc4+ 38. Kd3 Nd6 0-1

[Event "KP MKSS 23/24, Poruba E-Stonava"]
[Site ""]
[Date "2023.11.12"]
[Round "2.5"]
[White "Kondula, Lukas"]
[Black "Tomczyk, Piotr"]
[Result "1-0"]
[WhiteFideId "335460"]
[BlackFideId "21824380"]
[WhiteElo "1866"]
[BlackElo "1592"]
[PlyCount "0"]
[WhiteTeam "SK Slavoj Poruba E"]
[BlackTeam "SK Stonava"]
[EventDate "2023.10.22"]

1. c4 e5 2. Nc3 f5 3. g3 Nf6 4. Bg2 c6 5. e4 d6 6. d3 Be7 7. Nge2 O-O 8. O-O
fxe4 9. dxe4 Be6 10. Qd3 Nbd7 11. Be3 Ng4 12. b3 Nxe3 13. Qxe3 Bg5 14. f4 exf4
15. Nxf4 Ne5 16. Rad1 Qe7 17. Qd4 Bg4 18. Rd2 Rfd8 19. h3 Bf6 20. Qe3 Be6 21.
Rfd1 Rd7 22. Nce2 c5 23. Nxe6 Qxe6 24. Nf4 Bg5 25. Qe2 Qh6 26. Rf1 Rf8 27. Qd1
Bxf4 28. gxf4 Rxf4 29. Rxf4 Qxf4 30. Kh1 Nc6 31. Rd5 b6 32. Rf5 Qh6 33. Qd5+
1-0

[Event "KP MKSS 23/24, Poruba E-Stonava"]
[Site ""]
[Date "2023.11.12"]
[Round "2.6"]
[White "Knopp, Rene"]
[Black "Kondula, Dominik"]
[Result "1-0"]
[WhiteFideId "375004"]
[BlackFideId "361399"]
[WhiteElo "1838"]
[BlackElo "1763"]
[PlyCount "0"]
[WhiteTeam "SK Stonava"]
[BlackTeam "SK Slavoj Poruba E"]
[EventDate "2023.10.22"]

1. f4 d5 2. e3 Nc6 3. Nf3 Bg4 4. d4 e6 5. c3 Qd6 6. Bb5 Nge7 7. O-O f5 8. Nbd2
h6 9. Qa4 Bxf3 10. Nxf3 O-O-O 11. Ne5 Nxe5 12. fxe5 Qb6 13. Be2 g5 14. c4 dxc4
15. Bxc4 Nd5 16. Qb3 Bg7 17. Qxb6 axb6 18. Bd2 Rhf8 19. Rac1 g4 20. Rc2 h5 21.
g3 Bh6 22. Bxd5 Rxd5 23. e4 1-0

[Event "KP MKSS 23/24, Poruba E-Stonava"]
[Site ""]
[Date "2023.11.12"]
[Round "2.7"]
[White "Svoboda, Petr"]
[Black "Nowak, Radek"]
[Result "1-0"]
[WhiteFideId "311189"]
[BlackFideId "375071"]
[WhiteElo "2039"]
[BlackElo "1709"]
[PlyCount "0"]
[WhiteTeam "SK Slavoj Poruba E"]
[BlackTeam "SK Stonava"]
[EventDate "2023.10.22"]

1. Nf3 Nc6 2. d4 d5 3. e3 Bg4 4. Bb5 e6 5. O-O Bd6 6. Nbd2 Nge7 7. c4 dxc4 8.
Nxc4 a6 9. Nxd6+ Qxd6 10. Be2 O-O 11. b3 Rfd8 12. Bb2 Nd5 13. Rc1 Rac8 14. a3
f6 15. Nd2 Bxe2 16. Qxe2 Nce7 17. Ne4 Qb6 18. Nc5 f5 19. e4 Nf4 20. Qe3 Neg6
21. g3 Nh3+ 22. Kg2 f4 23. Qf3 Ng5 24. Qg4 Nf7 25. gxf4 Qc6 26. f3 b6 27. Nd3
Qb5 28. Rfd1 Kh8 29. h4 Nh6 30. Qg5 Nf7 31. Qxb5 axb5 32. h5 Ne7 33. Kf2 c5 34.
dxc5 bxc5 35. Ke3 c4 36. bxc4 bxc4 37. Ne5 Rxd1 38. Nxf7+ Kg8 39. Nh6+ gxh6 40.
Rxd1 c3 41. Bc1 Nc6 42. Kd3 Na5 43. Kc2 Rc5 44. e5 Rb5 45. Rd8+ Kf7 46. Rc8 Nb3
47. Be3 Na1+ 48. Kxc3 Rb3+ 49. Kd2 Rxa3 50. Rc7+ Kf8 51. Bc5+ 1-0

[Event "KP MKSS 23/24, Poruba E-Stonava"]
[Site ""]
[Date "2023.11.12"]
[Round "2.8"]
[White "Krampol, Vladimir"]
[Black "Dostal, Petr"]
[Result "1-0"]
[WhiteFideId "344311"]
[BlackFideId "327743"]
[WhiteElo "1615"]
[BlackElo "1772"]
[PlyCount "0"]
[WhiteTeam "SK Stonava"]
[BlackTeam "SK Slavoj Poruba E"]
[EventDate "2023.10.22"]

1. c4 e5 2. Nc3 Nf6 3. g3 c6 4. Bg2 Be7 5. Nf3 d6 6. O-O O-O 7. d4 exd4 8. Nxd4
Re8 9. Qc2 Qc7 10. Re1 Nbd7 11. Nf5 Ne5 12. Nxe7+ Qxe7 13. b3 h6 14. Ba3 Qc7
15. Rac1 Rb8 16. Red1 Rd8 17. Qd2 Ne8 18. Ne4 c5 19. Bxc5 Bf5 20. Bxd6 Nxd6 21.
Nxd6 Qe7 22. Nxf5 Qd7 23. Nd6 1-0

[Event "KP MKSS 23/24, Interchess-Koprivnice"]
[Site ""]
[Date "2023.11.12"]
[Round "2.1"]
[White "Havelka, Ondrej"]
[Black "Kana, Pavel"]
[Result "1-0"]
[WhiteFideId "349526"]
[BlackFideId "305430"]
[WhiteElo "2133"]
[BlackElo "2029"]
[PlyCount "0"]
[WhiteTeam "Interchess"]
[BlackTeam "SK ASK Koprivnice"]
[EventDate "2023.10.22"]

1. d4 Nf6 2. c4 g6 3. Nc3 d5 4. cxd5 Nxd5 5. e4 Nxc3 6. bxc3 Bg7 7. Qa4+ Nd7 8.
Nf3 O-O 9. Be2 c5 10. O-O cxd4 11. cxd4 Nc5 12. dxc5 Bxa1 13. e5 Bc3 14. Qh4
Bf5 15. Qh6 f6 16. exf6 Bxf6 17. Ng5 Bxg5 18. Bxg5 Qd4 19. Rc1 Be6 20. Be3 Qe4
21. a4 Bd5 22. Qg5 Rad8 23. a5 a6 24. h4 Rf5 25. Qg3 Qe5 26. Qg4 Qe4 27. Rd1
Rff8 28. Rxd5 Qxg4 29. Bxg4 Rxd5 30. Be6+ Kg7 31. Bxd5 Rd8 32. Bxb7 Rd1+ 33.
Kh2 Ra1 34. Bd4+ 1-0

[Event "KP MKSS 23/24, Interchess-Koprivnice"]
[Site ""]
[Date "2023.11.12"]
[Round "2.2"]
[White "Stefanik, Marek"]
[Black "Filip, Tomas"]
[Result "1-0"]
[WhiteFideId "385190"]
[BlackFideId "358037"]
[WhiteElo "2041"]
[BlackElo "1963"]
[PlyCount "0"]
[WhiteTeam "SK ASK Koprivnice"]
[BlackTeam "Interchess"]
[EventDate "2023.10.22"]

1. e4 c5 2. a3 Nc6 3. b4 e5 4. b5 Nd4 5. c3 Ne6 6. Nf3 d5 7. Qa4 Qd6 8. g3 Nf6
9. d3 Bd7 10. Nbd2 Nc7 11. exd5 Ncxd5 12. Qc2 Nb6 13. c4 O-O-O 14. Bb2 Re8 15.
Ng5 Qe7 16. Bg2 h6 17. Nge4 Nxe4 18. Nxe4 f5 19. Nc3 g5 20. a4 Be6 21. a5 Nd7
22. Nd5 Bxd5 23. Bxd5 Nf6 24. Bg2 Bg7 25. a6 b6 26. O-O-O Qc7 27. Rhe1 Re7 28.
Qe2 Nd7 29. Qf3 Rf8 30. Qa8+ Qb8 31. Qc6+ Qc7 32. Qg6 Rf6 33. Qh5 Rf8 34. Qe2
Bf6 35. Qh5 Bg7 36. Rh1 Qd6 37. Qf3 e4 38. dxe4 Bxb2+ 39. Kxb2 Qe5+ 40. Qc3
fxe4 41. Rd2 e3 42. fxe3 Qxc3+ 43. Kxc3 Rxe3+ 44. Kc2 Ne5 45. Rhd1 Nxc4 46.
Bh3+ Kb8 47. Rd8+ Rxd8 48. Rxd8+ Kc7 49. Rd7+ Kb8 50. Rb7+ Ka8 51. Rc7 Re8 52.
Bg2+ Kb8 53. Rb7+ Kc8 54. Bh3+ Kd8 55. Rd7+ Kc8 56. Rd4+ Kc7 57. Rxc4 Re2+ 58.
Kb3 Rxh2 59. Bf5 h5 60. Re4 Rf2 61. Bg6 Rf3+ 62. Kc4 Kd6 63. Bxh5 Rxg3 64. Bg4
Ra3 65. Re6+ Kc7 66. Rc6+ Kd8 67. Kd5 Ra4 68. Bf5 Rf4 69. Ke6 Rb4 70. Kf6 1-0

[Event "KP MKSS 23/24, Interchess-Koprivnice"]
[Site ""]
[Date "2023.11.12"]
[Round "2.3"]
[White "Miculkova, Dvorakova Magdalena"]
[Black "Vermirovsky, Vlastimil"]
[Result "0-1"]
[WhiteFideId "317420"]
[BlackFideId "325872"]
[WhiteElo "2015"]
[BlackElo "2005"]
[PlyCount "0"]
[WhiteTeam "Interchess"]
[BlackTeam "SK ASK Koprivnice"]
[EventDate "2023.10.22"]

1. e4 c5 2. Nf3 d6 3. d4 cxd4 4. Nxd4 Nf6 5. Nc3 Nc6 6. Be2 e5 7. Nb3 Be7 8.
Be3 a5 9. O-O O-O 10. a3 Be6 11. Nd2 d5 12. exd5 Nxd5 13. Nxd5 Qxd5 14. Bc4 Qd7
15. c3 Bxc4 16. Nxc4 Qe6 17. Qe2 f5 18. f3 Rad8 19. Bb6 Rd5 20. Rad1 Bc5+ 21.
Bxc5 Rxc5 22. Nd6 b6 23. Rd3 Ne7 24. Rfd1 Nd5 25. b4 Nf4 26. Qd2 Nxd3 27. bxc5
Nxc5 28. Qd5 Rd8 29. Qxe6+ Nxe6 30. Kf2 g6 31. g3 a4 32. Ke2 Kf8 33. Nc4 Rc8
34. Nxe5 Rxc3 35. Rd3 Rc2+ 36. Kd1 Rxh2 37. Nd7+ Ke7 38. Nxb6 Nc5 39. Rd5 Ne6
40. Rd3 Rg2 41. Nxa4 Rxg3 42. Nb6 h5 43. Nd5+ Kf7 44. Ke2 Rg2+ 45. Kf1 Ra2 46.
Kg1 g5 47. Ne3 Kf6 48. Nc4 h4 49. Rb3 Nd4 50. Rd3 Ne2+ 51. Kh1 Ng3+ 52. Kg1 h3
53. Rd6+ Ke7 54. Rh6 Rg2# 0-1

[Event "KP MKSS 23/24, Interchess-Koprivnice"]
[Site ""]
[Date "2023.11.12"]
[Round "2.4"]
[White "Omamik, Pavel"]
[Black "Demko, Robert"]
[Result "1-0"]
[WhiteFideId "331074"]
[BlackFideId "371769"]
[WhiteElo "2038"]
[BlackElo "1931"]
[PlyCount "0"]
[WhiteTeam "SK ASK Koprivnice"]
[BlackTeam "Interchess"]
[EventDate "2023.10.22"]

1. d4 Nf6 2. Bf4 e6 3. e3 b6 4. Nd2 Bb7 5. Ngf3 Be7 6. Bd3 O-O 7. c3 d5 8. Ng5
Nbd7 9. h4 Re8 10. Ndf3 h6 11. Ne5 Nxe5 12. Bxe5 Bd6 13. Qf3 hxg5 14. hxg5 Ne4
15. Qh3 Kf8 16. Bxg7+ Ke7 17. Bxe4 Kd7 18. Bf3 Qxg5 19. Qh6 Qf5 20. Qh7 Qg5 21.
Rh5 Qg6 22. Qxg6 fxg6 23. Rg5 Rg8 24. Be5 Bxe5 25. Rxe5 Rh8 26. Kd2 Rh6 27. c4
c6 28. Rc1 Rf8 29. b4 Ba6 30. b5 Bb7 31. bxc6+ Bxc6 32. cxd5 exd5 33. Bg4+ Kc7
34. Re6 Rxf2+ 35. Kd3 Rxg2 36. Rexc6+ Kb7 37. Bc8+ Kb8 38. Ba6 1-0

[Event "KP MKSS 23/24, Interchess-Koprivnice"]
[Site ""]
[Date "2023.11.12"]
[Round "2.5"]
[White "Berezjuk, Rostislav"]
[Black "Briza, Jiri"]
[Result "1/2-1/2"]
[WhiteFideId "378496"]
[BlackFideId "324787"]
[WhiteElo "1936"]
[BlackElo "1821"]
[PlyCount "0"]
[WhiteTeam "Interchess"]
[BlackTeam "SK ASK Koprivnice"]
[EventDate "2023.10.22"]

1. d4 Nf6 2. Nf3 g6 3. Bg5 Ne4 4. Bh4 Bg7 5. Nbd2 d5 6. e3 c5 7. c3 Qb6 8. Qc2
Nxd2 9. Qxd2 cxd4 10. exd4 Bf5 11. Be2 Nc6 12. O-O O-O 13. Rfe1 Rfe8 14. Bg3
Rad8 15. Bd3 Bxd3 16. Qxd3 e6 17. Re2 Ne7 18. h3 Nf5 19. Bh2 a5 20. Rae1 a4 21.
a3 Nd6 22. Qb1 Nc4 23. Ne5 Nxe5 24. Bxe5 Bxe5 25. Rxe5 Qc6 26. f4 b5 27. Qd3
Qc4 28. Qf3 Qc6 29. g4 Kg7 30. Kh2 f6 31. R5e2 Qd7 32. g5 fxg5 33. fxg5 Rf8 34.
Qg4 Rde8 35. Rxe6 Rxe6 36. Rxe6 Qf7 37. Re2 Qf1 38. Qg2 Qf4+ 39. Qg3 Qf5 40.
Qe3 Rf7 41. Qe5+ Qxe5+ 42. dxe5 Rf5 43. e6 Kf8 44. h4 Ke7 45. Kg3 Rf1 46. Kg4
Rf5 47. h5 Rf1 48. h6 Rf5 49. b3 Rf1 50. bxa4 bxa4 51. Rb2 Kxe6 52. Rb7 Rf7 53.
Rb4 Ra7 54. Kf4 Kd6 55. Rb8 Rc7 56. Rb6+ Ke7 57. Rb4 Rxc3 58. Rxa4 Kd6 59. Ra7
Rc4+ 60. Kg3 Rc3+ 61. Kf2 Ke6 62. Rxh7 Rxa3 63. Rg7 Kf5 64. h7 Rh3 65. Kg2 Rh5
66. Rd7 Ke4 67. Kf2 d4 68. Ke2 Rh2+ 69. Ke1 1/2-1/2

[Event "KP MKSS 23/24, Interchess-Koprivnice"]
[Site ""]
[Date "2023.11.12"]
[Round "2.6"]
[White "Rosinsky, Pavel"]
[Black "Zemkova, Klara"]
[Result "1-0"]
[WhiteFideId "324566"]
[BlackFideId "344117"]
[WhiteElo "2017"]
[BlackElo "1864"]
[PlyCount "0"]
[WhiteTeam "SK ASK Koprivnice"]
[BlackTeam "Interchess"]
[EventDate "2023.10.22"]

1. c4 f5 2. Nc3 Nf6 3. d4 d6 4. g3 g6 5. Bg2 Bg7 6. Nf3 O-O 7. O-O Nc6 8. b3 a6
9. Bb2 Qe8 10. Qd2 e5 11. Nd5 Ne4 12. Qc2 Qf7 13. dxe5 dxe5 14. Rad1 h6 15. Nh4
Nc5 16. Ba3 b6 17. Nxb6 cxb6 18. Bxc6 Ra7 19. Bxc5 bxc5 20. Rd6 Qc7 21. Rxg6
Rf6 22. Bd5+ Kh8 23. Rxf6 Bxf6 24. Nxf5 Qh7 25. Be4 Bxf5 26. Bxf5 Qg7 27. Rd1
Rf7 28. e4 Be7 29. Rd5 h5 30. Qc3 1-0